000 00972nam a22002417a 4500
008 240605b mp ||||| |||| 00| 0 mon d
020 _a978-9919-517-46-5
035 _a25528
040 _aHE0623081
_bmon
_cMN-UlNLM
_dMN-UlNLM
_erda
041 _amon
042 _a59368
084 _2NNA
_a84(5мон)-44
_bЧ.191
100 _aЧанагнянгар Б., Гантулга Б.
245 0 _aТэмээ эврээ алдсан нь
264 _aУБ.
_bМонсудар хэвлэлийн газар
_c2021
300 _a32х.
336 _2rdacontent
_atext
_btxt
337 _2rdamedia
_aunmediated
_bn
338 _2rdacarrier
_avolume
_bnc
650 _a" Монгол үлгэр -зурагт ном төслийн хүрээнд бяцхан уншигчдадаа зориулан монгол үлгэрүүдийг зурагт ном болгон цувралаар хүргэж бай...
942 _2NNA
_cBK
999 _c895212
_d895269